<?xml version="1.0" encoding="UTF-8"?>
<record
    xmlns:xsi="http://www.w3.org/2001/XMLSchema-instance"
    xsi:schemaLocation="http://www.loc.gov/MARC21/slim http://www.loc.gov/standards/marcxml/schema/MARC21slim.xsd"
    xmlns="http://www.loc.gov/MARC21/slim">

  <leader>01097cam a2200169 i 4500</leader>
  <datafield tag="020" ind1=" " ind2=" ">
    <subfield code="a">164250453X</subfield>
  </datafield>
  <datafield tag="020" ind1=" " ind2=" ">
    <subfield code="a">9781642504538</subfield>
  </datafield>
  <datafield tag="040" ind1=" " ind2=" ">
    <subfield code="c">YDX</subfield>
  </datafield>
  <datafield tag="082" ind1="0" ind2="4">
    <subfield code="a">580 IND 2021 A006 Or.</subfield>
  </datafield>
  <datafield tag="100" ind1="1" ind2=" ">
    <subfield code="a">Candeias, Matt,</subfield>
  </datafield>
  <datafield tag="245" ind1="1" ind2="0">
    <subfield code="a">In defense of plants :</subfield>
    <subfield code="b">an exploration into the wonder of plants /</subfield>
  </datafield>
  <datafield tag="300" ind1=" " ind2=" ">
    <subfield code="a">279 pages :</subfield>
    <subfield code="b">illustrations ;</subfield>
    <subfield code="c">19 cm</subfield>
  </datafield>
  <datafield tag="520" ind1=" " ind2=" ">
    <subfield code="a">In his debut book, internationally recognized blogger and podcaster Matt Candeias explores the curious nature of plants, revealing surprising and humorous things about their ruthless, horny, or simply cunning behavior. Using gardening, propagating houseplants, and other examples around you, In Defense of Plants will open your eyes to their hidden world. You will never see plants a just d&#xA9;&#x266D;cor again!  In this easily accessible introduction to the world of plants you'll find:  fantastic botanical histories, evolution, and plant symbolism; tales of fascinating botanical discoveries; curious facts on how ecosystems work together, how plants have sex, and more!--COVER</subfield>
  </datafield>
  <datafield tag="650" ind1=" " ind2="0">
    <subfield code="a">Plants.</subfield>
  </datafield>
  <datafield tag="650" ind1=" " ind2="0">
    <subfield code="a">Plants</subfield>
  </datafield>
  <datafield tag="942" ind1=" " ind2=" ">
    <subfield code="c">AEDBB</subfield>
  </datafield>
  <datafield tag="999" ind1=" " ind2=" ">
    <subfield code="c">20794</subfield>
    <subfield code="d">20794</subfield>
  </datafield>
  <datafield tag="952" ind1=" " ind2=" ">
    <subfield code="0">0</subfield>
    <subfield code="1">0</subfield>
    <subfield code="4">0</subfield>
    <subfield code="6">580_000000000000000_IND_2021_A028_OR</subfield>
    <subfield code="7">0</subfield>
    <subfield code="9">92313</subfield>
    <subfield code="a">LBA</subfield>
    <subfield code="b">LBA</subfield>
    <subfield code="c">A028</subfield>
    <subfield code="d">2022-12-01</subfield>
    <subfield code="o">580 IND 2021 A028 Or.</subfield>
    <subfield code="p">a069699</subfield>
    <subfield code="r">2022-12-01</subfield>
    <subfield code="y">AEDBB</subfield>
  </datafield>
  <datafield tag="952" ind1=" " ind2=" ">
    <subfield code="0">0</subfield>
    <subfield code="1">0</subfield>
    <subfield code="4">0</subfield>
    <subfield code="6">580_000000000000000_IND_2021_A028_OR</subfield>
    <subfield code="7">0</subfield>
    <subfield code="9">92314</subfield>
    <subfield code="a">LBA</subfield>
    <subfield code="b">LBA</subfield>
    <subfield code="c">A028</subfield>
    <subfield code="d">2022-12-01</subfield>
    <subfield code="o">580 IND 2021 A028 Or.</subfield>
    <subfield code="p">a069715</subfield>
    <subfield code="r">2022-12-01</subfield>
    <subfield code="y">AEDBB</subfield>
  </datafield>
</record>
